Countries in the 2017 European Championships PDC - Statistics

General Stats
  • This quiz has been taken 18 times
  • The average score is 9 of 11
Answer Stats
Players Country % Correct
1 Germany
100%
1 Spain
100%
3 Belgium
94%
6 Netherlands
94%
1 Poland
94%
1 Austria
88%
2 Wales
71%
12 England
65%
1 Northern Ireland
65%
2 Scotland
65%
2 Australia
53%
No matching quizzes found
Score Distribution
Percent of People with Each Score
Percentile by Number Answered
Your Score History
You have not taken this quiz